Design of rotating electrical machines / (Record no. 598049)

000 -LEADER
fixed length control field 00291nam a2200109Ia 4500
008 - FIXED-LENGTH DATA ELEMENTS--GENERAL INFORMATION
fixed length control field 230907s9999||||xx |||||||||||||| ||und||
082 ## - DEWEY DECIMAL CLASSIFICATION NUMBER
Classification number 621.31042,PYR
100 ## - MAIN ENTRY--PERSONAL NAME
Personal name Pyrhonen, Juha.
9 (RLIN) 115301
245 #0 - TITLE STATEMENT
Title Design of rotating electrical machines /
300 ## - PHYSICAL DESCRIPTION
Extent xxvii, 584 pages ;
942 ## - ADDED ENTRY ELEMENTS (KOHA)
Koha item type Book
Holdings
Withdrawn status Lost status Damaged status Not for loan Permanent Location Current Location Date acquired Total Checkouts Full call number Barcode Date last seen Price effective from Koha item type
        US-Pakistan Center for Advanced Studies in Energy (USPCAS-E) US-Pakistan Center for Advanced Studies in Energy (USPCAS-E) 06/12/2018   621.31042,PYR CAS-E0002148 09/12/2023 09/12/2023 Book
© 2023 Central Library, National University of Sciences and Technology. All Rights Reserved.